Human rights: The new consensus

The book deals with five main contents: Review and assess progress made in the field of human rights since the adoptation of the Universal Declarationof Human rights in 1948; Identify obstacles and ways in which they might be overcome; Examine the link between development and enjoyment of economic,...

Cijeli opis

Spremljeno u:
Bibliografski detalji
Format: Knjiga
Jezik:Undetermined
Izdano: London UNHCR 1994
Teme:
Oznake: Dodaj oznaku
Bez oznaka, Budi prvi tko označuje ovaj zapis!
Thư viện lưu trữ: Trung tâm Học liệu Trường Đại học Cần Thơ
LEADER 00931nam a2200181Ia 4500
001 CTU_16324
008 210402s9999 xx 000 0 und d
020 |b USA 
082 |a 323 
082 |b H918 
245 0 |a Human rights: The new consensus 
260 |a London 
260 |b UNHCR 
260 |c 1994 
520 |a The book deals with five main contents: Review and assess progress made in the field of human rights since the adoptation of the Universal Declarationof Human rights in 1948; Identify obstacles and ways in which they might be overcome; Examine the link between development and enjoyment of economic, social, cultural, civil and political rights; Evaluate the effectiveness of UN methods and mechamisms; Recommend ways to ensure adequate financial and other resources of UN human rights activities 
650 |a human rights 
904 |i Minh, 970514 
980 |a Trung tâm Học liệu Trường Đại học Cần Thơ